000 nam a22 a 4500
999 _c428787
_d428787
003 BLK
005 20210817135257.0
008 210817b bu |||||r|||| 00| | bu d
040 _aBLK
041 _aRUS
_cRUS
080 _aФренска литература
_b821.133.1
_x-2
_z821.133.1-2
100 _91299
_aМольер, Жан-Батист
_eпърви автор
139 _aМольер, Жан Батист
245 _aСобрание сочинений Мольера
_bС биогр., сост. Алексеем Веселовским. : Т. 1 - 3
_cЖ. Б. Мольер; пер. О. Бакста и др.
_nТ. 3
_pЖорж Данден; Господин де-Пурсоньяк; Мещанин во дворянстве; Проделки Скапена; Ученые женщины; Мнимый больной
257 _aRUS
260 _9435330
_aСанкт-Петербур
_bтипогр. О. И. Бакста
_c1884
300 _a [4], 478, [1] с.
_c23 см
380 _aX
490 _9435080
_aКолекция Редки и ценни издания
700 _91478
_aБакст, Осип Игнатьевич
_eпрев.
700 _aВейнберг, Петр
_eпрев.
_9462605
852 _aРр 884
_bРц
942 _cKNG
_n0
_s1
944 _aCR
_c2021-08-17
_kнр
_l2021-08-17